00409nam a22001337a 450000500170000000800410001704100120005808200130007010000120008324500390009526000860013430000300022065000250025020240819125136.0240819b |||||||| |||| 00| 0 eng d aEnglish a349 LAW  lEnglish aThe Law Reports: Probate Division  aLondon: bThe Incorporated Council of Law Reporting for England and Wales, c1975 bviii, 150 pages; c25 cm. aLegal practice bLaw